|
|
|
|
| LEADER |
00000nab a2200000 a 4500 |
| 001 |
vtls000066658 |
| 003 |
SK-MaSNL |
| 005 |
20260303202718.0 |
| 008 |
111031c1980 xo 0 slo |
| 015 |
|
|
|a SNBRA19rr/mm-uuuuu
|
| 035 |
|
|
|a CL0076758
|
| 040 |
|
|
|a SNKBUCL
|b slo
|c SNKBUCL
|e AACR2
|
| 041 |
0 |
|
|a slo
|
| 044 |
|
|
|a xo
|c SK
|
| 080 |
|
|
|a 633.1
|2 1981
|
| 080 |
|
|
|a 631.4
|2 1981
|
| 080 |
|
|
|a 631.5
|2 1981
|
| 100 |
1 |
|
|a Rimár, Ján
|4 aut
|9 446341
|
| 245 |
1 |
0 |
|a Pestovateľské špecifiká jačmeňa na ťažkých pôdach Východoslovenskej nížiny
|c Ján Rimár
|
| 300 |
|
|
|b Obr. 2. Tb. 3. Res. rus., angl.
|
| 650 |
0 |
7 |
|a jarný jačmeň
|2 snkbucl
|9 71520
|
| 650 |
0 |
7 |
|a pôda
|2 snkbucl
|9 1159
|
| 651 |
|
7 |
|a 5400
|2 snkbucl
|9 279426
|
| 655 |
|
7 |
|a články zo zborníkov
|2 snkbucl
|9 166140
|
| 773 |
0 |
|
|t Zborník vedeckých prác Komplexnej poľnohospodárskej výskumnej stanice v Michalovciach 4, 1980
|g S. 43-53
|
| 850 |
|
|
|a Slovenská národná knižnica v Martine
|a MTA001
|
| 852 |
|
|
|a SNK
|b KIS3GCP
|
| 958 |
|
|
|a RK
|
| 992 |
|
|
|a RZB
|
| 999 |
|
|
|c 2181321
|d 2183251
|